000 00493nam a2200181Ia 4500
008 240925s9999 xx 000 0 und d
020 _a619035285
082 _a004 SCH
100 _aKathy , Schwalbe
245 0 _aInformation Technology Project management
250 _a2nd
260 _aAustralia:
_bThomson Learning
_c,2002.
300 _aix,321p.
_bNA
_fPhotocopy
500 _aNA
600 _aComputer Science
650 _aComputer science, information & general works
942 _cBK
999 _c7726
_d7726